| Tag |
First Indicator |
Second Indicator |
Subfields |
| LEADER |
00000cam a2200000Ia 4500 |
| 001 |
in00002782479 |
| 005 |
20211120170450.0 |
| 006 |
m o d f |
| 007 |
cr cn||||||||| |
| 008 |
121126s2009 vaua ob f000 0 eng d |
| 035 |
|
|
|a (OCoLC)ocn819333829
|
| 040 |
|
|
|a GPO
|c GPO
|d MvI
|d UtOrBLW
|
| 049 |
|
|
|a WWW
|
| 074 |
|
|
|a 0982-G-11 (online)
|
| 086 |
0 |
|
|a TD 2.30:09-059
|
| 100 |
1 |
|
|a Hughes, Warren Edward,
|d 1956-
|
| 245 |
1 |
0 |
|a Restricted crossing U-turn intersection /
|c [performed by Warren Hughes and Ram Jagannathan].
|
| 264 |
|
1 |
|a McLean, Va. :
|b U.S. Dept. of Transportation, Federal Highway Administration, Research, Development, and Technology, Turner-Fairbank Highway Research Center,
|c [2009]
|
| 300 |
|
|
|a 1 online resource (4 pages) :
|b illustrations (some color).
|
| 336 |
|
|
|a text
|b txt
|2 rdacontent
|
| 337 |
|
|
|a computer
|b c
|2 rdamedia
|
| 338 |
|
|
|a online resource
|b cr
|2 rdacarrier
|
| 490 |
1 |
|
|a Techbrief
|
| 500 |
|
|
|a Title from title screen (viewed on Nov. 26, 2012).
|
| 500 |
|
|
|a "October 2009"--P. 4.
|
| 500 |
|
|
|a "This document is a technical summary of the Federal Highway Administration report, Alternative Intersections/Interchanges: Information report (AIIR) (FHWA-HRT-09-060)."
|
| 504 |
|
|
|a Includes bibliographical references (page 4).
|
| 500 |
|
|
|a "FHWA publication number: FHWA-HRT-09-059."
|
| 500 |
|
|
|a "HRDS-05/10-09(3M)E"--P. 4.
|
| 500 |
|
|
|a Electronic resource.
|
| 650 |
|
0 |
|a Roads
|x Interchanges and intersections
|x Design and construction.
|
| 700 |
1 |
|
|a Jagannathan, Ram.
|
| 710 |
2 |
|
|a Turner-Fairbank Highway Research Center.
|
| 776 |
0 |
8 |
|i Print version:
|a Hughes, Warren Edward, 1956-
|t Restricted crossing U-turn intersection
|w (OCoLC)566196867
|
| 830 |
|
0 |
|a Techbrief.
|
| 856 |
4 |
0 |
|u https://purl.fdlp.gov/GPO/gpo31620
|t 0
|
| 999 |
|
|
|a MARS
|
| 999 |
f |
f |
|s caaaba29-987c-36ec-8a13-987dc17bf10a
|i 903c396d-5dc9-38e9-96c7-0ebe12ef1e87
|t 0
|
| 952 |
f |
f |
|a Texas A&M University
|b College Station
|c Electronic Resources
|d Available Online
|t 0
|e TD 2.30:09-059
|h Superintendent of Documents classification
|
| 998 |
f |
f |
|a TD 2.30:09-059
|t 0
|l Available Online
|